Szczegóły MARC21

Radio Solidarność : podziemne rozgłośnie oraz audycje radiowe i telewizyjne w Polsce 1982-1990 : materiały z konferencji w Wyższej Szkole Zawodowej "Kadry dla Europy" w dniach 26-27 maja 2007 roku /

003 -Nazwa inst., której nr kontr. jest w polu 001 [,]
    • @
    • Nazwa instytucji, której n kontrolny jest w polu 001
    • NUKAT
005 -DATA I CZAS OSTATNIEJ MODYFIKACJI [,]
    • @
    • pole kontrolne
    • 20241231102340.0
020 -Międzynarod. znormalizowany nr książki - ISBN [ , ]
    • a
    • Numer ISBN
    • 9788360844021 Find
040 -Instytucja sporządzająca opis [ , ]
    • a
    • Instytucja, która sporządziła opis (NP)
    • TOR U/MS
    • c
    • Instytucja, która sporządziła rekord (NP)
    • TOR U/MS
    • d
    • Instytucja, która zmodyfikowała rekord (P)
    • TOR U/MS
    • d
    • Instytucja, która zmodyfikowała rekord (P)
    • WA U/JKs
    • d
    • Instytucja, która zmodyfikowała rekord (P)
    • WR U/dl
041 -Język dokumentu [1, ]
    • a
    • Język tekstu (P)
    • polski
    • a
    • Język tekstu (P)
    • angielski
    • h
    • Język tekstu oryginalnego i/lub pośredniego (P)
    • polski
942 -Rodzaj dokumentu [ , ]
    • c
    • Rodzaj dokumentu
    • Książka
245 -Strefa tytułu i oznaczenia odpowiedzialności [0,0]
    • a
    • Tytuł
    • Radio Solidarność : Find
    • b
    • Ciąg dalszy tytułu (NP)
    • podziemne rozgłośnie oraz audycje radiowe i telewizyjne w Polsce 1982-1990 : materiały z konferencji w Wyższej Szkole Zawodowej "Kadry dla Europy" w dniach 26-27 maja 2007 roku / Find
    • c
    • Pozostałe elementy strefy tytułu i oznaczenia odpowiedzialności (NP)
    • pod red. Bogusława Bakuły.
260 -Strefa adresu wydawniczego [ , ]
    • a
    • Miejsce wydania (P)
    • Poznań :
    • b
    • Nazwa wydawcy (P)
    • Wyższa Szkoła Zawodowa "Kadry dla Europy",
    • c
    • Data wydania (P)
    • 2008.
300 -Strefa opisu fizycznego [ , ]
    • a
    • Określenie formy książki i/lub objętość (NP)
    • 381 s., [1] k. tabl. złoż. :
    • b
    • Oznaczenie ilustracji (NP)
    • il. ;
    • c
    • Format (NP)
    • 24 cm +
    • e
    • Oznaczenie dokumentu towarzyszącego (NP)
    • 1 płyta DVD-ROM.
336 -Typ zawartości [ , ]
    • a
    • Termin opisujący typ zawartości
    • Tekst
    • b
    • Kod określający zawartość
    • txt
    • 2
    • Źródło (terminu i kodu)
    • rdacontent
337 -Typ mediów [ , ]
    • a
    • Tryb odtwarzania
    • Bez urządzenia pośredniczącego
    • b
    • Kod typu mediów
    • n
    • 2
    • Źródło (terminu i kodu)
    • rdamedia
338 -Typ/rodzaj nośnika [ , ]
    • a
    • Hasło opisujące typ nośnika
    • Wolumin
    • b
    • Kod typu nośnika
    • nc
    • 2
    • Źródło (terminu i kodu)
    • rdacarrier
500 -Uwaga ogólna [ , ]
    • a
    • Uwaga ogólna (NP)
    • Płyta DVD zawiera materiał edukacyjny: fotografie, relacje, audycje podziemnego radia jak i nagrania oryginalnych nasłuchów MO i SB.
500 -Uwaga ogólna [ , ]
    • a
    • Uwaga ogólna (NP)
    • Na etykiecie płyty: "Ludzie, fotografie, dokumenty, sprzęt radiowy".
504 -Uwaga dot. bibliogr. załącznikowej [ , ]
    • a
    • Uwaga dot. bibliografii załącznikowej
    • Indeks.
546 -Uwaga dot. języka [ , ]
    • a
    • Uwaga dot. języka
    • Tekst częśc. ang., tłumaczony z pol.
080 -Uniwersalna Klasyfikacja Dziesiętna [ , ]
    • 2
    • Identyfikator wydania tablic
    • UDC-P058
    • 9
    • UKD
    • 2873
    • a
    • Symbol klasyfikacji
    • 323.22/.26
    • b
    • Dopowiedzenie
    • Krytyczne nastawienie ludności do państwa. Czynne sposoby walki. Bierny opór. Manifestacje. Bojkot polityczny. Bunty.
    • 4
    • UKD2
    • 7642
    • x
    • Poddział wspólny
    • (438)
    • c
    • Dopowiedzenie poddz. wspólnego
    • (Polska).
    • 4
    • UKD2
    • 7641
    • x
    • Poddział wspólny
    • (061)
    • c
    • Dopowiedzenie poddz. wspólnego
    • (Wydawnictwa odnoszące się do konferencji, zjazdów itd. Sprawozdania z konferencji).
080 -Uniwersalna Klasyfikacja Dziesiętna [ , ]
    • 2
    • Identyfikator wydania tablic
    • UDC-P058
    • 9
    • UKD
    • 5989
    • a
    • Symbol klasyfikacji
    • 7.096/.097
    • b
    • Dopowiedzenie
    • Radio i telewizja. Działalność instytucji radia i telewizji jako środków masowego przekazu .
    • 4
    • UKD2
    • 7642
    • x
    • Poddział wspólny
    • (438)
    • c
    • Dopowiedzenie poddz. wspólnego
    • (Polska).
    • 4
    • UKD2
    • 7641
    • x
    • Poddział wspólny
    • (061)
    • c
    • Dopowiedzenie poddz. wspólnego
    • (Wydawnictwa odnoszące się do konferencji, zjazdów itd. Sprawozdania z konferencji).
080 -Uniwersalna Klasyfikacja Dziesiętna [ , ]
    • 2
    • Identyfikator wydania tablic
    • UDC-P058
    • 9
    • UKD
    • 7033
    • a
    • Symbol klasyfikacji
    • 94(438).083*
    • b
    • Dopowiedzenie
    • Historia Polski. Polska Ludowa 1944/1945-1989. PRL.
    • 4
    • UKD2
    • 7641
    • x
    • Poddział wspólny
    • (061)
    • c
    • Dopowiedzenie poddz. wspólnego
    • (Wydawnictwa odnoszące się do konferencji, zjazdów itd. Sprawozdania z konferencji).
610 -Hasło przedmiotowe w formie nazwy ciała zbiorowego [2,7]
    • a
    • Nazwa ciała zbiorowego lub nazwa geograficzna
    • Niezależny Samorządny Związek Zawodowy "Solidarność"
    • v
    • Określnik formalny
    • konferencje.
    • 2
    • Źródło terminu
    • kaba
    • 9
    • KHW
    • 358671
650 -Hasło przedmiotowe [ ,7]
    • a
    • Hasło przedmiotowe
    • Programy telewizyjne
    • z
    • Określnik geograficzny
    • Polska
    • z
    • Określnik geograficzny
    • Toruń
    • y
    • Określnik chronologiczny
    • 1970-2000
    • v
    • Określnik formalny
    • konferencje.
    • 2
    • Źródło terminu
    • kaba
    • 9
    • KHW
    • 650976
650 -Hasło przedmiotowe [ ,7]
    • a
    • Hasło przedmiotowe
    • Opór wobec władzy
    • z
    • Określnik geograficzny
    • Polska
    • y
    • Określnik chronologiczny
    • 1970-2000
    • v
    • Określnik formalny
    • konferencje.
    • 2
    • Źródło terminu
    • kaba
    • 9
    • KHW
    • 361351
650 -Hasło przedmiotowe [ ,7]
    • a
    • Hasło przedmiotowe
    • Rozgłośnie radiowe
    • z
    • Określnik geograficzny
    • Polska
    • y
    • Określnik chronologiczny
    • 1970-2000
    • v
    • Określnik formalny
    • konferencje.
    • 2
    • Źródło terminu
    • kaba
    • 9
    • KHW
    • 650973
650 -Hasło przedmiotowe [ ,7]
    • a
    • Hasło przedmiotowe
    • Programy radiowe
    • z
    • Określnik geograficzny
    • Polska
    • y
    • Określnik chronologiczny
    • 1970-2000
    • v
    • Określnik formalny
    • konferencje.
    • 2
    • Źródło terminu
    • kaba
    • 9
    • KHW
    • 650974
650 -Hasło przedmiotowe [ ,7]
    • a
    • Hasło przedmiotowe
    • Telewizja lokalna
    • z
    • Określnik geograficzny
    • Polska
    • z
    • Określnik geograficzny
    • Toruń
    • y
    • Określnik chronologiczny
    • 1970-2000
    • v
    • Określnik formalny
    • konferencje.
    • 2
    • Źródło terminu
    • kaba
    • 9
    • KHW
    • 650975
980 -Symbol UKD [ , ]
    • a
    • UKD
    • 323.22/.26:7.096/.097](438):94(438).083*](061)
700 -Hasło dodatkowe - nazwa osobowa [1, ]
    • a
    • Nazwa osobowa (NP)
    • Bakuła, Bogusław Find
    • d
    • Daty biograficzne (NP)
    • (1954- ).
    • e
    • Określenie rodzaju współpracy
    • Red.
    • 9
    • KHW
    • 64933
920 -ISBN [ , ]
    • a
    • ISBN
    • 978-83-60844-02-1 Find
Lokalizacja Data inwentaryzacji Status udost. Numer inwentarzowy Sygnatura
BM2010-02-111P.22017POL. Radio 01